| 000 | 00735nam a22002297a 4500 | ||
|---|---|---|---|
| 003 | UA-OsUOA | ||
| 001 | 69773 | ||
| 007 | ta | ||
| 008 | 20100706b un ||||| |||| 00| 0 ukr d | ||
| 090 |
_a340.132.6 _bК65 |
||
| 942 | _cBK | ||
| 040 |
_aUA-OsUOA _brus _cUA-OsUOA _dUA-OsUOA |
||
| 245 |
_aКонцепция стабильности закона _bмонография _cотв. ред. Казимирчук В. П. |
||
| 300 | _a176 с. | ||
| 955 | _a1 | ||
| 041 | _arus | ||
| 080 | _a340.132.6 | ||
| 020 | _a5-8369-0094-9 | ||
| 260 |
_aМ. _bПроспект _c2000 |
||
| 650 | 7 |
_a340 Право в цілому. Пропедевтика. Методи та допоміжні правничі науки _2UDC |
|
| 999 |
_c356003 _d356003 |
||